El niño de jerez : (Registro nro. 34619)
[ vista simple ]
| 000 -CABECERA | |
|---|---|
| campo de control de longitud fija | 00805nam a2200193 a 4500 |
| 001 - NÚMERO DE CONTROL | |
| campo de control | 000035128 |
| 005 - FECHA Y HORA DE LA ÚLTIMA TRANSACCIÓN | |
| campo de control | 20200930074125.0 |
| 008 - DATOS DE LONGITUD FIJA--INFORMACIÓN GENERAL | |
| campo de control de longitud fija | 111025s1895 sp 000 0 spa d |
| 040 ## - FUENTE DE LA CATALOGACIÓN | |
| Centro catalogador/agencia de origen | DO-SdBNP |
| Lengua de catalogación | spa |
| Centro/agencia transcriptor | BNPHU |
| 100 1# - ENTRADA PRINCIPAL--NOMBRE DE PERSONA | |
| Nombre de persona | Montesinos, Eduardo |
| 9 (RLIN) | 60817 |
| 240 10 - TÍTULO UNIFORME | |
| Título uniforme | El niño de Jerez. |
| Subencabezamiento de forma | Libreto |
| 245 13 - MENCIÓN DE TÍTULO | |
| Título | El niño de jerez : |
| Resto del título | zarzuela cómica en un acto, en prosa y verso / |
| Mención de responsabilidad, etc. | original de Eduardo Montesinos y Antonio Paso ; música del maestro Zabala. |
| 260 ## - PUBLICACIÓN, DISTRIBUCIÓN, ETC. | |
| Lugar de publicación, distribución, etc. | Madrid : |
| Nombre del editor, distribuidor, etc. | Florencio Fiscowich, Arregui y Aruej, |
| Fecha de publicación, distribución, etc. | 1895. |
| 300 ## - DESCRIPCIÓN FÍSICA | |
| Extensión | 36 p. ; |
| Dimensiones | 21 cm. |
| 490 1# - MENCIÓN DE SERIE | |
| Mención de serie | Biblioteca lírico-dramática y Teatro cómico |
| 500 ## - NOTA GENERAL | |
| Nota general | Estrenada en el Teatro Eslava el 16 de diciembre de 1895 |
| 700 1# - PUNTO DE ACCESO ADICIONAL--NOMBRE DE PERSONA | |
| Nombre de persona | Paso, Antonio, |
| Fechas asociadas al nombre | (1870-1958) |
| 9 (RLIN) | 60818 |
| 830 #0 - PUNTO DE ACCESO ADICIONAL DE SERIE-TÍTULO UNIFORME | |
| Título uniforme | Biblioteca lírico-dramática y Teatro cómico |
| 9 (RLIN) | 60819 |
| Estado de retiro | Estado de pérdida | Restricciones de uso | No para préstamo | Código de colección | Localización permanente | Ubicación/localización actual | Ubicación en estantería | Fecha de adquisición | Número de inventario | Total de préstamos | Signatura topográfica completa | Código de barras | Fecha visto por última vez | Precio válido a partir de | Tipo de ítem Koha |
|---|---|---|---|---|---|---|---|---|---|---|---|---|---|---|---|
| Excluido de préstamo | Monografías: Libros y Folletos | General | General | Depósito | 25.10.2011 | LF1 | 35128-10 | 25.06.2020 | 25.06.2020 | No se presta |
